00423 2200169 4500001002100000005001500021035002000036007000300056008004100059020002200100082001000122084001600132100001600148245002300164260003100187300003500218INLIS00000000000032020260115013255 a0010-0126000013ta260115 0 ind  a978-623-180-414-3 a658.8 a658.8 WID m0 aWidaningsih1 aMarketing Kelas XI aJakarta :bErlangga,c2023 aix + 332 hlm. ;c17,5 x 25 cm.